Comedias
Uloženo v:
| Hlavní autor: | |
|---|---|
| Médium: | Kniha |
| Jazyk: | španělština |
| Vydáno: |
Madrid
Espasa Calpe
1958
|
| Vydání: | 6a. ed |
| Edice: | Clásicos castellanos
|
| Témata: | |
| Tagy: |
Přidat tag
Žádné tagy, Buďte první, kdo vytvoří štítek k tomuto záznamu!
|
MARC
| LEADER | 00000nam a2200000 a 4500 | ||
|---|---|---|---|
| 001 | UCQ1903 | ||
| 003 | CL-VaPUC | ||
| 005 | 20241121151341.0 | ||
| 008 | 980721e19580000SP |||||||||||||||||spa|d | ||
| 999 | |c 272746 |d 272744 | ||
| 040 | |c Pontificia Universidad Católica de Valparaíso | ||
| 082 | 0 | 4 | |a 862 |b TIR |2 21 |
| 100 | |a Tirso de Molina |e autor |9 866712 | ||
| 245 | 1 | 0 | |a Comedias |
| 250 | |a 6a. ed | ||
| 260 | |a Madrid |b Espasa Calpe |c 1958 | ||
| 300 | |a v | ||
| 490 | 0 | |a Clásicos castellanos | |
| 500 | |a v.1: El vergonzoso en palacio y El burlador de Sevilla | ||
| 583 | |a last modification |c 19980721 00:00:00 |k Rodrigo Vera | ||
| 650 | 7 | |a COMEDIAS ESPAÑOLAS |2 CL-VaPUC |9 415863 | |
| 650 | 0 | |a Dramas españoles |9 267081 | |
| 650 | 0 | |a Literatura española |9 306261 | |
| 942 | |c BK |2 ddc | ||
| 945 | |d 19980721 00:00:00 |a lriquelm | ||
| 952 | |0 0 |1 0 |4 0 |6 862_000000000000000_TIR_1958 |7 0 |8 A |9 307882 |a BIBEDU |b BIBEDU |d 2019-11-20 |h v.1 |i 1436961 |o 862 TIR 1958 |p 1436961 |r 2019-11-20 |w 2019-11-20 |y BK |k LIT | ||